000 00628nam a2200229Ia 4500
003 OSt
005 20220928125431.0
006 a|||||r|||| 00| 0
007 ta
008 220927b |||||||| |||| 00| 0 eng d
024 _a26526
037 _cTextual
040 _aSDCL
_cSDCL
_beng
041 _2eng
_aeng
082 _aV2jN11, P0
100 _aSinha B P
245 0 _aPoint of view
_b Essays in memory of Ranchor Prasad.
260 _aPatna
_bRanchor Prasad Commemoration Committee
_c2000
300 _axvii,832p
_ccm.
942 _hV2jN11, P0
_cTEXL
_2CC
999 _c782227
_d782227